000 00335cam a2200133ua 4500
041 _aeng
_h
100 _aGanesan, V .
245 _aGas turbines /
_cV. Ganesan.
_hTextual Documents
260 _aNew Delhi :
_bTata Mc-Graw Hill Publishing Company ,
_c2003.
300 _a ;
_e`.
504 _a
942 _cBK
999 _c13015
_d13015